000 01292cam a2200385 a 4500
001 15760030
003 OSt
005 20140410090951.0
008 090602s2009 nyuab b 000 1 eng d
010 _a 2009278159
020 _a9780545021364 (pbk.)
020 _a0545021367 (pbk.)
035 _a(OCoLC)ocn231584716
040 _aBTCTA
_cBTCTA
_dBAKER
_dOCP
_dOCL
_dUPZ
_dXL4
_dXY4
_dEHH
_dOCLCQ
_dDLC
041 1 _aeng
_hita
042 _alcac
_alccopycat
050 0 0 _aPZ 7
_b.St857Gv 2009
082 0 0 _a[Fic]
100 _aStilton, Geronimo
130 0 _aStrano caso del tiramisù.
_lEnglish.
_926350
245 1 0 _aGeronimo's valentine /
_cGeronimo Stilton.
260 _aNew York :
_bScholastic,
_cc2009.
300 _a103 p. :
_bcol. ill., col. maps ;
_c20 cm.
521 0 _aG3
526 _c520
650 1 _aMice
_vFiction.
_926351
650 1 _aValentine's Day
_vFiction.
_926352
650 1 _aJournalists
_vFiction.
_926353
650 1 _aMystery and detective stories.
_93790
650 1 _aHumorous stories.
_93831
906 _a7
_bcbc
_ccopycat
_d2
_encip
_f20
_gy-gencatlg
942 _2lcc
_cBK
999 _c34150
_d34150